000 01012nam a22002417a 4500
999 _c64309
_d64309
005 20240530110725.0
008 180415s2017 ua a g b 000 0 ara d
017 _a2016/22626
_bمصر. دار الكتب
020 _a9789773223830
040 _aEG-CaGPL
_cEG-CaGPL
082 0 4 _221
_a811.09\
_bط م
100 0 _aطلعت عبدالعزيز ابوالعزم
245 1 0 _aمناجاة الطيور فى الشعر العربى الحديث والمعاصر :
_bدراسة ادبية فنية /
_cطلعت عبدالعزيز ابوالعزم .
250 _aط.1
260 _aالقاهرة :
_bعين للدراسات و البحوث الانسانية و الاجتماعية،
_c2017 .
300 _a188 ص. ؛
_c24 سم.
504 _aببليوجرافية : ص 181 - 186
650 0 7 _2qrmak
_aالشعر العربى
_xتاريخ ونقد
650 0 7 _2qrmak
_aالشعر العربى
_xالطيور
651 _2qrmak
942 _2ddc
_cBK